Name nobiscum domine: carta apostólica del sumo pontífice Juan Pablo II al episcopado, al clero y a los fieles para el año de la eucaristía. Octubre 2004-octubre 2005

I tiakina i:
Ngā taipitopito rārangi puna kōrero
Kaituhi matua: Juan Pablo II (Author)
Hōputu: Pukapuka
Reo:Pāniora
I whakaputaina: Santiago San Pablo 2005
Putanga:3a. ed
Ngā marau:
Ngā Tūtohu: Tāpirihia he Tūtohu
Kāore He Tūtohu, Me noho koe te mea tuatahi ki te tūtohu i tēnei pūkete!

MARC

LEADER 00000nam a2200000 a 4500
001 UCK4403
003 CL-VaPUC
008 050603e20050100CL |||||||||||||||||spa|d
020 |a 9562564142 
082 0 4 |a 262.91  |b JUA  |2 21 
100 |a Juan Pablo II  |e author  |9 309920 
245 1 0 |a Name nobiscum domine: carta apostólica del sumo pontífice Juan Pablo II al episcopado, al clero y a los fieles para el año de la eucaristía. Octubre 2004-octubre 2005 
250 |a 3a. ed 
300 |a 30 p 
942 |c BK 
945 |d 20050603 00:00:00  |a jcarroza 
260 |a Santiago  |b San Pablo  |c 2005 
650 0 |a Documentos pontificios   |9 255642 
650 0 |a Cartas apostólicas  |9 373744 
650 0 |a Iglesia Católica  |9 256114 
650 0 |a Eucaristía  |9 257336 
583 |a last modification  |c 20180123 05:34:22  |k Rodrigo Vera 
999 |c 313281  |d 313279 
952 |0 0  |1 0  |4 0  |6 262_910000000000000_JUA_2005  |7 0  |8 A  |9 384531  |a BIBTEO  |b BIBTEO  |d 2019-11-22  |i 4116941  |o 262.91 JUA 2005  |p 4116941  |r 2025-01-17  |w 2019-11-22  |y BK  |k ICR 
952 |0 0  |1 0  |4 0  |6 262_910000000000000_JUA_2005  |7 0  |8 A  |9 384532  |a BIBTEO  |b BIBTEO  |d 2019-11-22  |i 411695K  |o 262.91 JUA 2005  |p 411695K  |r 2025-01-17  |w 2019-11-22  |y BK  |k ICR 
952 |0 0  |1 0  |4 0  |6 262_910000000000000_JUA_2005  |7 0  |8 A  |9 384533  |a BIBTEO  |b BIBTEO  |d 2019-11-22  |i 4116968  |o 262.91 JUA 2005  |p 4116968  |r 2025-01-17  |w 2019-11-22  |y BK  |k ICR 
952 |0 0  |1 0  |4 0  |6 262_910000000000000_JUA_2005  |7 0  |8 A  |9 384534  |a BIBTEO  |b BIBTEO  |d 2019-11-22  |i 4116925  |o 262.91 JUA 2005  |p 4116925  |r 2025-01-17  |w 2019-11-22  |y BK  |k ICR 
952 |0 0  |1 0  |4 0  |6 262_910000000000000_JUA_2005  |7 0  |8 A  |9 384535  |a BIBTEO  |b BIBTEO  |d 2019-11-22  |i 4116933  |o 262.91 JUA 2005  |p 4116933  |r 2025-01-17  |w 2019-11-22  |y BK  |k ICR 
952 |0 0  |1 0  |4 0  |6 262_910000000000000_JUA_2005  |7 0  |8 A  |9 384536  |a BIBTEO  |b BIBTEO  |d 2019-11-22  |i 4116917  |o 262.91 JUA 2005  |p 4116917  |r 2025-01-17  |w 2019-11-22  |y BK  |k ICR